02544 a2200229 45000010006000000050017000060080041000230030015000640400040000790800107001192450096002260200022003222640080003443000019004245051639004430410008020821000036020907000028021267000031021547000030021858560099022154608720260407155734.0260407a2014 arg spa dAR-UNSa-BCEJYS aAR-UNSa-BCEJYSbspacAR-UNSa-BCEJYS a314.17xFactores de los fenómenos demográficos y sus efectos en el desarrollo social y económico10aCairo+20pperspectiva de la agenda de población y desarrollo sostenible después de 2014 a978-85-62016-19-6 1aRío de Janeiro :bALAP(Asociación latinoamericana de Población)c2014 a302 p.c22 cm. a1. As posições da OMS nas conferências de populaçâo da ONU nos últimos 50 años / Elza Berquó – 2. Legados do Cairo: para além da “mesmice”? / Sonia Corrêa – 3. Logros y retos de la agenda de población y desarrollo en América Latina y el Caribe dos décadas después de El Cairo / Juan José Calvo – 4. Populçâo e desenvolvimiento / Ricardo Paes de Barros, Diana Coutinho e Rosane Mendonça – 5. As políticas de desenvolvimiento socialo e combate á fome e seus efeitos sociodemográficos no Brasil: experiências para fortalecimiento da agenda da CIPD / Paulo de Martino Jannuzzi – 6. Reflexiones en torno a una agenda de población y desarrollo más allá de 2014: principios inalterados, realidades novedosas / Rogelio Fernández Castilla – 7. A dinâmica populacional e a agenda de população e desenvolvimento sustentável / Suzana Cavenaghi – 8. Mortalidade juvenil na América Latina : evidências demográficas e desafios políticos / Joice Melo Vieira e Tirza Aidar – 9. El auge de la cohabitación y otras transformaciones familiares en América Latina, 1970-2010 / Antonio López-Gay y Albert Esteve – 10. Las desigualdades socioeconómicas de la desnutrición infantil crónica en América Latina y el Caribe / Víctor Arocena Canazas – 11. De vuelta al futuro : la dinámica demográfica prevista en El Cairo para 2014 / Laura L. Rodriguez Wong, Juliana Vasconcelos S. Barros y Gabriela M. O. Bonifacio – 12. Diferenciais no acesso e uso de métodos contraceptivos modernos : Colômbia, Perú e Honduras / André Junqueira Caetano. aspa1 aDiniz Alves, José Eustáquio1 aRodríguez Wong, Laura1 aRodríguez Vignoli, Jorge1 aMaldonado Turra, Cássio41uhttps://www.biblioeco.unsa.edu.ar/pmb/images/libros/L127324.jpgyImagen de portadaqimage/jpeg